Lenguaje y Comunicación: programa de estudio primer año básico
Guardado en:
| Autor Corporativo: | |
|---|---|
| Formato: | Libro |
| Lenguaje: | español |
| Publicado: |
Santiago
Ministerio de Educación
2013
|
| Edición: | 1a. ed |
| Materias: | |
| Etiquetas: |
Agregar Etiqueta
Sin Etiquetas, Sea el primero en etiquetar este registro!
|
MARC
| LEADER | 00000cam a2200000 a 4500 | ||
|---|---|---|---|
| 001 | UCE1789 | ||
| 003 | CL-VaPUC | ||
| 008 | 140519e20130000cl |||||||||||||||||spa|d | ||
| 020 | |a 9789562923781 | ||
| 082 | 0 | 4 | |a 372.6 |b MIN |2 21 |
| 110 | 2 | |a Ministerio de Educación |e author |9 574166 | |
| 245 | 1 | 0 | |a Lenguaje y Comunicación: programa de estudio primer año básico |
| 250 | |a 1a. ed | ||
| 300 | |a 205 p | ||
| 942 | |c BK | ||
| 945 | |d 20140519 10:12:00 |a dcastane | ||
| 260 | |a Santiago |b Ministerio de Educación |c 2013 | ||
| 650 | 0 | |a Enseñanza del español |9 339826 | |
| 650 | 0 | |a Métodos de enseñanza |9 270413 | |
| 650 | 0 | |a Educación básica |9 224933 | |
| 583 | |a last modification |c 20140519 10:12:00 |k Rodrigo Vera | ||
| 999 | |c 355477 |d 355475 | ||
| 952 | |0 0 |1 0 |3 erb |4 0 |6 372_600000000000000_MIN_2013 |7 0 |8 R |9 462224 |a BIBEDU |b BIBEDU |i 5077605 |o 372.6 MIN 2013 |p 5077605 |r 2019-11-23 |w 2019-11-23 |y BK_R |z Catalogado en:20140519 |k EPE | ||